000 00723nam a2200241Ia 4500
003 OSt
005 20221006164104.0
006 a|||||r|||| 00| 0
007 ta
008 221006b |||||||| |||| 00| 0 hin d
024 _a5,169
037 _cTextual
040 _aFML
_cFML
_bhin
041 _2hin
_ahin
082 _aO152,1M95 ObNR, P4
100 _aDabharkar Kaveri Au.
_9676577
245 0 _aMukutdhar Pandey Ki sahitya Sangeet Saadhana
260 _aDelhi
_bShabd Sansar Prakashan India
_c2004
300 _a76
_ccm.
700 _a Pathak Vijay Kumar Au.
_9676578
942 _hO152,1M95 ObNR, P4
_cTEXL
_2CC
999 _c1116186
_d1116186